Wortleiter #3 - Statistiken

Allgemein
  • Dieses Quiz wurde 241 mal gespielt
  • Das Durchschnittsergebnis liegt bei 23 aus 29
Antwortstatistiken
Hint Antwort % Korrekt
Bedeckt die Beine vieler Menschen Hose
94%
florales Geschenk, meist teurer am Valentinstag Rose
93%
Chef Boss
92%
Kauft man für eine Tombola Lose
92%
meist schwarzer Vogel Rabe
92%
durch Zähne zugefügte Verletzung Biss
91%
Regen macht Nass
91%
klassisches Kleidungsstück von Richtern Robe
89%
nach dem Essen ist man (hoffentlich) Satt
89%
Jemand, den man eingeladen hat Gast
88%
etwas schweres zu tragen, ist eine Last
88%
Bekannte Firma für Audio-Produkte (z.B. Boxen) Bose
87%
Möglicher Grund für Gewalt Hass
87%
Wesentlicher Bestandteil von Segelschiffen Mast
83%
Erholungspause Rast
83%
Frequenzen zwischen 16 und 150 Hertz Bass
82%
erschöpft Matt
82%
Für Kredite fällt dies meist monatlich an Rate
82%
rotbraune Schicht aus Eisenoxid Rost
82%
wesentlich für die Atmung Nase
79%
Eile Hast
78%
Stellung im Schach, die zu einem unentschieden führt Patt
77%
Vito Corleone nannte man auch: der Pate
73%
Meister Lampe Hase
71%
(süddeutsch) Obstwein Most
64%
Wenn rohe Gewalt nicht hilft, dann vielleicht eine List
63%
Pflanzenfaser, zum Flechten nutzbar Bast
59%
Dort kräht der sprichtwörtliche Hahn Mist
59%
kleines, ärmliches Haus Kate
51%
Keine übereinstimmenden Quizze gefunden
Verteilung der Resultate
Anzahl Personen mit jedem Resultat
Perzentil nach korrekt beantworteten Fragen
Ihre Resultats-Entwicklung
Sie haben dieses Quiz noch nicht gespielt